00538nam a22001577a 450000500170000000800410001702000260005803700080008404000120009210000190010424500860012326000390020927000620024830000260031050000440033620100501142050.0080613t xxu||||| |||| 00| 0 eng d a9788188965553c225.00 bPUB aDPLbEN aVandana shiva  aSoil not oil:cby Vandana Shiva bclimate change, peak oil, and food insecurity / aNew Delhi bWomen Unlimited c2009 aK-36, Hauz Khas Enclave, Ground FloorbNew Delhi e110016 a156p. . c23 cm (pbk) aWinner of the right Livehood Award 1993